Bilanz + Buchhaltung <Die> Zeitschrift für Rechnungswesen und Steuern

Gespeichert in:
Bibliographische Detailangaben
Format: Schriftenreihe
Sprache:Deutsch
Veröffentlicht: Freiburg Haufe-Lexware GmbH
Schlagworte:
Tags: Tag hinzufügen
Keine Tags, Fügen Sie das erste Tag hinzu!

MARC

LEADER 00000nas1a22000001 4500
001 s120088
005 20260128085414.2
022 |a 0930-0597 
022 |a 0930-0599 
041 0 |a ger 
044 |a DE 
245 1 0 |a Bilanz + Buchhaltung  |b <Die> Zeitschrift für Rechnungswesen und Steuern 
264 1 |a Freiburg  |b Haufe-Lexware GmbH 
500 |a Do r. 2022 vychádzal s podnázvom: <Die> Zeitschrift für Buchhaltung und Rechnungswesen 
610 2 0 |a účtovníctvo 
610 2 0 |a bilancie